• 首页
  • 本馆介绍
  • 公告通知
  • 最新文献
  • 馆藏检索
  • 电子资源
  • 读者导购
  • 参考咨询
  • 我的图书馆
  • 登录
  • 详细信息显示
  • 放入我的书架
  • 预约/预借图书
  • 作者相关作品
  • 分类相关作品
  • 丛书相关作品
  • 出版社相关作品

书目信息

  • 表格格式
  • 工作单格式
  • 卡片格式
题名:
一次阅读知晋朝
    
 
作者: 姜正成 编著
分册:  
出版信息: 北京   当代世界出版社  2015
页数: 260页
开本: 23cm
丛书名:
单 册:
中图分类: K237.09
科图分类:
主题词: 晋代--jin dai--历史--通俗读物
电子资源:
ISBN: 978-7-5090-1031-0
000 00873nam0 22002411 450
001 1730308219
005 20170525101516.0
010    @a978-7-5090-1031-0@dCNY36.00
100    @a20160405d2015 em y0chiy50 ea
101 0  @achi
102    @aCN@b110000
105    @aab z 000yy
106    @ar
200 1  @a一次阅读知晋朝@Ayi ci yue du zhi jin chao@f姜正成编著
210    @a北京@c当代世界出版社@d2015
215    @a260页@c图,地图@d23cm
300    @a“轻松读史”系列
330    @a本书涉及了晋朝的重要事件、人物,并详细介绍了这一时期的政治、经济、文化、科学技术等方方面面。内容包括:西晋王朝的建立、西晋一统中华、西晋王朝的短暂统治、晋室南迁建东晋、北伐空梦、东晋名流等。
606 0  @a晋代@Ajin dai@x历史@j通俗读物
690    @aK237.09@v5
701  0 @a姜正成@Ajiang zheng cheng@f(1955~)@4编著
801  0 @aCN@bTANG WEI@c20170523
905    @b0969108-12@dK237.09@e76@f5
    
    一次阅读知晋朝/姜正成编著.-北京:当代世界出版社,2015
    260页:图,地图;23cm
    “轻松读史”系列
    
    ISBN 978-7-5090-1031-0:CNY36.00
    本书涉及了晋朝的重要事件、人物,并详细介绍了这一时期的政治、经济、文化、科学技术等方方面面。内容包括:西晋王朝的建立、西晋一统中华、西晋王朝的短暂统治、晋室南迁建东晋、北伐空梦、东晋名流等。
●
相关链接 在E读中查询图书 在五车中查询图书 在当当中查询图书 在豆瓣中查询图书


正题名:一次阅读知晋朝     索取号:K237.09/76         预约/预借

序号 登录号 条形码 馆藏地/架位号 状态 备注
1 0969108   209691083   第二样本阅览室/ [索取号:K237.09/76] 在馆    
2 0969109   209691092   第二借阅区/ [索取号:K237.09/76] 在馆    
3 0969110   209691109   第二借阅区/ [索取号:K237.09/76] 在馆    
4 0969111   209691118   第二借阅区/ [索取号:K237.09/76] 在馆    
5 0969112   209691127   密集书库-史法系/ [索取号:K237.09/76] 在馆    
唐山师范学院图书馆 欢迎您!
大连网信软件有限公司© 版权所有